Statistics and probability/ (Record no. 4456)

MARC details
000 -LEADER
fixed length control field 00697nam a22002057a 4500
003 - CONTROL NUMBER IDENTIFIER
control field OSt
005 - DATE AND TIME OF LATEST TRANSACTION
control field 20250904074537.0
008 - FIXED-LENGTH DATA ELEMENTS--GENERAL INFORMATION
fixed length control field 250904b |||||||| |||| 00| 0 eng d
020 ## - INTERNATIONAL STANDARD BOOK NUMBER
International Standard Book Number 978-971-9654-55-1
040 ## - CATALOGING SOURCE
Original cataloging agency DWC-Main Lib
Transcribing agency OC
082 ## - DEWEY DECIMAL CLASSIFICATION NUMBER
Classification number Fil. 310.9 M264s 2016
100 ## - MAIN ENTRY--PERSONAL NAME
Personal name Mamhot, Millard R.
245 ## - TITLE STATEMENT
Title Statistics and probability/
Statement of responsibility, etc. Millard R. Mamhot
260 ## - PUBLICATION, DISTRIBUTION, ETC.
Place of publication, distribution, etc. Intramuros, Manila, Philippines :
Name of publisher, distributor, etc. Unlimited Books Library Services and Publishing Inc.,
Date of publication, distribution, etc. c2016.
300 ## - PHYSICAL DESCRIPTION
Extent vi , 170 pages :
Other physical details illustrations ;
Dimensions 23cm.
504 ## - BIBLIOGRAPHY, ETC. NOTE
Bibliography, etc. note Includes bibliographical references and index.
650 ## - SUBJECT ADDED ENTRY--TOPICAL TERM
Topical term or geographic name entry element 1. Statistics.
650 ## - SUBJECT ADDED ENTRY--TOPICAL TERM
Topical term or geographic name entry element 2. Probabilities.
942 ## - ADDED ENTRY ELEMENTS (KOHA)
Source of classification or shelving scheme Dewey Decimal Classification
Koha item type Book-Filipiniana
Call number prefix Fil.
Suppress in OPAC No
952 ## - LOCATION AND ITEM INFORMATION (KOHA)
--
Holdings
Withdrawn status Lost status Source of classification or shelving scheme Damaged status Not for loan Home library Current library Shelving location Date acquired Source of acquisition Total Checkouts Full call number Barcode Date last seen Copy number Price effective from Koha item type Uniform Resource Identifier
    Dewey Decimal Classification     College Library College Library Filipiniana 06/08/2023 Donation   Fil. 310.9 M264s 2016 CL53791 09/04/2025 c1 09/04/2025 BK - FIL